Eliminación por categoría - Jugadores de fútbol #1 - Estadísticas

Estadísticas generales
  • Esta prueba ha sido intentada 134 veces
  • La puntuación promedio es 8 de 10
Estadísticas de respuestas
Group
Hint
Respuesta % Correcto
Verde Jugadores con 6 o más goles en LALIGA 2022-2023 53
99%
Rojo Jugadores top 5 en el balón de oro entre 2010 - 2025 36
95%
Verde ... Que no jugaran en ese momento ni en el Madrid ni en el Barça 44
92%
Rojo ... Que no lo hayan ganado 30
91%
Rojo ... Que no hayan jugado nunca en LALIGA 14
80%
Verde ... Pero que sí hayan jugado en Madrid o Barça alguna vez 6
79%
Rojo ... Que juegue de portero 2
72%
Verde ... Además son zurdos 2
64%
Verde ... Y es de nacionalidad japonesa 1 Takefusa Kubo
59%
Rojo ... Y que no haya jugado en el Bayern de Munich 1 Gianluigi Buffon
57%
No se encontraron pruebas coincidentes
Distribución de puntuación
Porcentaje de gente con cada puntuación
Porcentaje por número respondido
Historial de tus puntuaciones
No has intentado esta prueba.